microsoft SQL Server 2000: Reporting Services / (Record no. 62892)

MARC details
000 -LEADER
fixed length control field 00416nam a22001337a 4500
005 - DATE AND TIME OF LATEST TRANSACTION
control field 20180712113057.0
020 ## - INTERNATIONAL STANDARD BOOK NUMBER
International Standard Book Number 0070588678
Terms of availability 000.00
035 ## - SYSTEM CONTROL NUMBER
System control number B-147017,B-147014
245 ## - TITLE STATEMENT
Title microsoft SQL Server 2000: Reporting Services /
Statement of responsibility, etc by Brian larson
260 ## - PUBLICATION, DISTRIBUTION, ETC. (IMPRINT)
Place of publication, distribution, etc New Delhi
Name of publisher, distributor, etc Tata Mcgraw-Hill
Date of publication, distribution, etc 2004
300 ## - PHYSICAL DESCRIPTION
Extent xx, 634p.
Dimensions 23cms
700 ## - ADDED ENTRY--PERSONAL NAME
Personal name Hutnik, Stephen
9 (RLIN) 42168
942 ## - ADDED ENTRY ELEMENTS (KOHA)
Source of classification or shelving scheme Dewey Decimal Classification
Item type English Books
Classification part 005.754
Call number suffix LAR
Holdings
Withdrawn status Lost status Not for loan Collection code Home library Current library Date acquired Cost, normal purchase price Full call number Barcode Cost, replacement price Koha item type Source of acquisition Copy number
      Non-fiction Sarojini Nagar Sarojini Nagar 15/02/2012 0.00 005.754 LAR B-147017 0.00 English Books    
      Non-fiction Tri Nagar Tri Nagar 12/07/2018 0.00 005.754 LAR B-147014 0.00 English Books BPPD/pub 1

© Delhi Public Library
Hit Counter
free hit counter